[Event "St Petersburg Chigorin CC-ch"]
[Site "St Petersburg"]
[Date "2005.05.20"]
[Round "5"]
[White "Znamensky, Vladimir"]
[Black "Sharipov, Vasily"]
[Result "1-0"]
[WhiteElo "2370"]
[BlackElo "2246"]
[PlyCount "73"]
[EventDate "2005.05.16"]
[EventType "swiss"]
[EventRounds "9"]
[EventCountry "RUS"]
[SourceTitle "EXT 2006"]
[Source "ChessBase"]
[SourceDate "2005.11.24"]
[SourceVersion "1"]
[SourceVersionDate "2005.11.24"]
[SourceQuality "1"]

1. d4 Nf6 2. Nf3 c5 3. c3 e6 4. Bf4 b6 5. e3 Bb7 6. Nbd2 Be7 7. Bd3 d6 8. h3 Nc6 9. 0-0 e5 10. Bh2 cxd4 11. exd4 exd4 12. cxd4 0-0 13. a3 a6 14. Nc4 Nd5 15. Be4 Nf6 16. Bc2 Nd5 17. Qd3 g6 18. Rfe1 b5 19. Ncd2 Rc8 20. Bb3 Na5 21. Ba2 Nb6 22. Rac1 Rxc1 23. Rxc1 Qa8 24. b4 Nac4 25. Nxc4 bxc4 26. Bxc4 Rc8 27. Re1 Rxc4 28. Rxe7 Bxf3 29. gxf3 Qd5 30. Bf4 Kg7 31. Qe3 Rxd4 32. Bh6+ Kf6 33. Re8 g5 34. Qe7+ Kg6 35. Rg8+ Kxh6 36. Qf6+ Kh5 37. Rg7 1-0

[Event "Chigorin Memorial 09th"]
[Site "St Petersburg"]
[Date "2001.10.02"]
[Round "8"]
[White "Sharipov, Vasily"]
[Black "Mukhin, Georgy"]
[Result "0-1"]
[WhiteElo "2277"]
[BlackElo "2381"]
[PlyCount "82"]
[EventDate "2001.10.26"]
[EventType "swiss"]
[EventRounds "9"]
[EventCountry "RUS"]
[SourceTitle "EXT 2002"]
[Source "ChessBase"]
[SourceDate "2001.11.25"]
[SourceVersion "1"]
[SourceVersionDate "2001.11.25"]
[SourceQuality "1"]

1. e4 e5 2. f4 Bc5 3. Nf3 d5 4. Nc3 Nf6 5. fxe5 Nxe4 6. d4 Bb4 7. Bd2 Bg4 8. Nxe4 dxe4 9. Bxb4 exf3 10. gxf3 Qh4+ 11. Ke2 Nc6 12. c3 Bh5 13. Bc5 0-0-0 14. Qc2 b6 15. Bg2 bxc5 16. Qa4 Nb8 17. Rad1 f6 18. Qxa7 fxe5 19. Qxc5 Nd7 20. Qd5 e4 21. Kd2 Nb6 22. Qxe4 Nc4+ 23. Kc1 Qxe4 24. Bh3+ Kb8 25. fxe4 Bxd1 26. Kxd1 Nxb2+ 27. Kc2 Nc4 28. Rb1+ Ka7 29. Rb4 Nb6 30. a4 Rhf8 31. a5 Rf2+ 32. Kb3 Na8 33. Kc4 Rxh2 34. Be6 c6 35. Kc5 Nc7 36. Bc4 Rh6 37. Rb6 g5 38. d5 g4 39. a6 g3 40. Rb7+ Ka8 41. Kb6 Nxd5+ 0-1

[Event "Chigorin Memorial 09th"]
[Site "St Petersburg"]
[Date "2001.10.01"]
[Round "7"]
[White "Kryschilovskij, Andrej"]
[Black "Sharipov, Vasily"]
[Result "1/2-1/2"]
[WhiteElo "2384"]
[BlackElo "2277"]
[PlyCount "70"]
[EventDate "2001.10.26"]
[EventType "swiss"]
[EventRounds "9"]
[EventCountry "RUS"]
[SourceTitle "EXT 2002"]
[Source "ChessBase"]
[SourceDate "2001.11.25"]
[SourceVersion "1"]
[SourceVersionDate "2001.11.25"]
[SourceQuality "1"]

1. d4 Nf6 2. c4 c5 3. d5 b5 4. cxb5 a6 5. b6 d6 6. Nc3 Qxb6 7. Nf3 g6 8. Nd2 Bg7 9. e4 0-0 10. Be2 Qc7 11. 0-0 Nbd7 12. a4 Rb8 13. a5 Rb4 14. Nc4 Ne5 15. Nxe5 dxe5 16. Qc2 e6 17. Bg5 h6 18. Bxf6 Bxf6 19. b3 Rd4 20. Bc4 Bg5 21. Rfd1 Kg7 22. Rd3 exd5 23. Bxd5 f5 24. f3 fxe4 25. Bxe4 Be6 26. Nd5 Qd6 27. Nb6 Bd2 28. Nc4 Bxc4 29. Qxc4 Rxd3 30. Bxd3 Qd4+ 31. Qxd4 exd4 32. Ra2 Bb4 33. Kf2 Re8 34. Be4 Rb8 35. Ke2 Rb5 1/2-1/2